Sześć najbliższych krajów - Antarktyda - Statystyki

Ogólne statystyki
  • Ten quiz został rozwiązany 174 razy
  • Średni wynik to 4 z 6
Statystyki odpowiedzi
km kraj % Poprawnych
1023 Argentyna
86%
1005 Chile
81%
2518 Australia
67%
2484 Nowa Zelandia
50%
3292 Brazylia
35%
3151 Urugwaj
31%
Nie znaleziono quizów pasujących do podanych kryteriów
Rozkład punktacji
Procent ludzi z każdym wynikiem
Percentyl według liczby udzielonych odpowiedzi
Twoja historia wyników
Nie rozwiązałeś tego quizu